<?xml version="1.0" encoding="UTF-8"?>
<record
    xmlns:xsi="http://www.w3.org/2001/XMLSchema-instance"
    xsi:schemaLocation="http://www.loc.gov/MARC21/slim http://www.loc.gov/standards/marcxml/schema/MARC21slim.xsd"
    xmlns="http://www.loc.gov/MARC21/slim">

  <leader>00803nam a22001817a 4500</leader>
  <controlfield tag="008">090825s2008    ua||||gr|||| 00| 0 ara d</controlfield>
  <datafield tag="020" ind1=" " ind2=" ">
    <subfield code="a">9781855167872</subfield>
  </datafield>
  <datafield tag="082" ind1=" " ind2=" ">
    <subfield code="2">22</subfield>
    <subfield code="a">276.1</subfield>
    <subfield code="b">&#x637; &#x631; &#x627;</subfield>
  </datafield>
  <datafield tag="100" ind1=" " ind2=" ">
    <subfield code="9">8605</subfield>
    <subfield code="a">&#x637;&#x631;&#x627;&#x628;&#x64A;&#x634;&#x649; , &#x62C;&#x648;&#x631;&#x62C;</subfield>
  </datafield>
  <datafield tag="245" ind1=" " ind2=" ">
    <subfield code="a">&#x647;&#x631;&#x637;&#x642;&#x627;&#x62A; &#x639;&#x646; &#x627;&#x644;&#x62F;&#x64A;&#x645;&#x648;&#x642;&#x631;&#x627;&#x637;&#x64A;&#x629; &#x648;&#x627;&#x644;&#x639;&#x644;&#x645;&#x627;&#x646;&#x64A;&#x629; &#x648;&#x627;&#x644;&#x62D;&#x62F;&#x627;&#x62B;&#x629; &#x648;&#x627;&#x644;&#x645;&#x646;&#x627;&#x639;&#x629; &#x627;&#x644;&#x639;&#x631;&#x628;&#x64A;&#x629; /</subfield>
    <subfield code="c">&#x62C;&#x648;&#x631;&#x62C; &#x637;&#x631;&#x627;&#x628;&#x64A;&#x634;&#x649;</subfield>
  </datafield>
  <datafield tag="250" ind1=" " ind2=" ">
    <subfield code="a">&#x637;2</subfield>
  </datafield>
  <datafield tag="260" ind1=" " ind2=" ">
    <subfield code="a">&#x628;&#x64A;&#x631;&#x648;&#x62A;:</subfield>
    <subfield code="b">&#x62F;&#x627;&#x631; &#x627;&#x644;&#x633;&#x627;&#x642;&#x649;&#x61B;</subfield>
    <subfield code="c">2008</subfield>
  </datafield>
  <datafield tag="300" ind1=" " ind2=" ">
    <subfield code="a">232&#x61B;&#x635;</subfield>
    <subfield code="c">24 &#x633;&#x645;</subfield>
  </datafield>
  <datafield tag="650" ind1=" " ind2=" ">
    <subfield code="9">8608</subfield>
    <subfield code="a">&#x627;&#x644;&#x644;&#x627;&#x647;&#x648;&#x62A; &#x627;&#x644;&#x639;&#x644;&#x645;&#x649; - &#x645;&#x633;&#x64A;&#x62D;&#x64A;&#x629;</subfield>
  </datafield>
  <datafield tag="650" ind1=" " ind2=" ">
    <subfield code="9">8609</subfield>
    <subfield code="a">&#x627;&#x644;&#x639;&#x644;&#x645;&#x627;&#x646;&#x64A;&#x629;</subfield>
  </datafield>
  <datafield tag="942" ind1=" " ind2=" ">
    <subfield code="2">ddc</subfield>
    <subfield code="c">BB</subfield>
  </datafield>
  <datafield tag="999" ind1=" " ind2=" ">
    <subfield code="c">12689</subfield>
    <subfield code="d">12689</subfield>
  </datafield>
  <datafield tag="952" ind1=" " ind2=" ">
    <subfield code="0">0</subfield>
    <subfield code="1">0</subfield>
    <subfield code="2">ddc</subfield>
    <subfield code="4">0</subfield>
    <subfield code="7">0</subfield>
    <subfield code="8">Diwan</subfield>
    <subfield code="a">MAIN</subfield>
    <subfield code="b">MAIN</subfield>
    <subfield code="c">LOW</subfield>
    <subfield code="d">2009-08-25</subfield>
    <subfield code="e">purchase</subfield>
    <subfield code="g">44.00</subfield>
    <subfield code="h">1</subfield>
    <subfield code="o">276.1 &#x637;&#x631;&#x627;</subfield>
    <subfield code="p">000018111</subfield>
    <subfield code="r">2025-07-15 00:00:00</subfield>
    <subfield code="s">2025-03-19</subfield>
    <subfield code="y">BB</subfield>
  </datafield>
</record>
